Statistics for 中国的大江大河Great Rivers in China

Click here to take the quiz!

General Stats

  • This quiz has been taken 915 times
  • The average score is 12 of 17

Answer Stats

提示河流% Correct
北方文化的“母亲河”,含沙量最大的河流黄河
100%
南方文化的“母亲河”,中国最长的河流长江
100%
有三条主要支流,八门入海珠江
87%
中国南北方的界河淮河
86%
中朝界河,注入黄海鸭绿江
78%
因这条河流得名的省份是唯一一个以河流名得名的省份黑龙江
78%
中国最长的内流河塔里木河
73%
中国最长的运河京杭运河
71%
以“U”型拐弯的大峡谷而著名的河流雅鲁藏布江
70%
中老昆万铁路的列车以这条河流命名澜沧江
66%
北方文化的“母亲河”的最大支流渭河
66%
密云水库处于这个河流的水系海河
65%
南方文化的“母亲河”的最大支流汉江
65%
中国唯一一条注入北冰洋的河流额尔齐斯河
59%
中朝界河,注入日本海图们江
52%
中国最著名的没有河口三角洲的河流钱塘江/浙江
35%
中国唯一一条没有建造水电站的大河怒江
33%

Score Distribution

Percentile by Number Answered

Percent of People with Each Score

Your Score History

You have not taken this quiz